|
|
|
|
| LEADER |
00000nam0a2200000 4500 |
| 001 |
253020 |
| 005 |
20231101232814.0 |
| 010 |
|
|
|a 5020032255
|
| 020 |
|
|
|a RU
|b 89-37899
|
| 035 |
|
|
|a (RuTPU)RU\TPU\book\275400
|
| 090 |
|
|
|a 253020
|
| 100 |
|
|
|a 20140311d1989 m a0rusy5003 ca
|
| 101 |
0 |
|
|a rus
|
| 102 |
|
|
|a RU
|
| 105 |
|
|
|a a z 001zy
|
| 200 |
1 |
|
|a Вестники беды
|e о поиске средств геохимического прогноза землетрясений
|f В. Л. Барсуков, А. А. Беляев, В. С. Серебренников
|g под ред. Г. И. Войтова
|
| 210 |
|
|
|a Москва
|c Наука
|d 1989
|
| 215 |
|
|
|a 135 с.
|c ил.
|
| 225 |
1 |
|
|a Академические чтения
|
| 606 |
1 |
|
|a Землетрясения
|x Прогноз
|2 stltpush
|3 (RuTPU)RU\TPU\subj\11724
|9 38633
|
| 610 |
1 |
|
|a геохимические методы
|
| 610 |
1 |
|
|a природные катастрофы
|
| 610 |
1 |
|
|a математическая закономерность
|
| 610 |
1 |
|
|a геохимия
|
| 610 |
1 |
|
|a природные явления
|
| 675 |
|
|
|a 550.343.6
|z rus
|v 3
|
| 700 |
|
1 |
|a Барсуков
|b В. Л.
|g Валерий Леонидович
|
| 701 |
|
1 |
|a Беляев
|b А. А.
|g Андрей Арнольдович
|
| 701 |
|
1 |
|a Серебренников
|b В. С.
|g Владимир Сергеевич
|
| 702 |
|
1 |
|a Войтов
|b Г. И.
|4 340
|
| 801 |
|
0 |
|a RU
|b RuMRKP
|c 19950417
|g psbo
|
| 801 |
|
1 |
|a RU
|b 63413507
|c 20140311
|
| 801 |
|
2 |
|a RU
|b 63413507
|c 20140421
|g RCR
|
| 942 |
|
|
|c BK
|